000
00218 a2200097 4500
001
47086
100
_a
Marshall S
245
_a
Men Against Fire
260
_a
New York
_b
William Morrow & Co.
_c
090
_c
30148
_d
30148
942
_a
NUST-CAE
_c
M
_c
22390
999
_c
282159
_d
282159